000 01429cab a22002055a 4500
001 L149369
008 100224e20100218xxk f 000 0 eng d
035 _a(Sirsi) u149369
041 0 _aeng
110 2 _aCivil Engineering Contractors Association
_93765
245 0 0 _aCECA Survey shows more pain for contractors
_h[electronic resource]
260 _c2010
490 _aCECA Press Release
_v18 February 2010
520 _aPresents the Civil Engineering Contractors Association workload trends survey for the fourth quarter of 2009. Reports that the most recent results show that CECA members are experiencing the worst trading conditions that the survey has ever recorded. Four in every five companies reported that their workloads had fallen compared to the same time last year. 78% of firms reported that they had lower orders now than a year ago while 93% of firms expected their workload to be as low or lower in 12 months time. Other findings from the survey include that 69% of firms have cut the number of skilled operatives in the last year and 82% report lower tender prices for new work.
590 _aKA NTK
651 4 _aUnited Kingdom
_y
690 _aBUILT ENVIRONMENT-CONSTRUCTION MARKET
856 4 0 _uhttps://www.ceca.co.uk/Uploads/news/pressreleases/EMBARGOED%20PRESS%20RELEASE%20-%20CECA%20Survey%20Shows%20More%20Pain%20For%20Contractors.pdf
_zView the item free of charge at www.ceca.co.uk
942 _n0
999 _c82161
_d82161